Normal view
MARC view
- Riots
Entry Topical Term
001 - CONTROL NUMBER
- control field: 570
003 - CONTROL NUMBER IDENTIFIER
- control field: OSt
005 - DATE AND TIME OF LATEST TRANSACTION
- control field: 20170428090345.0
008 - FIXED-LENGTH DATA ELEMENTS
- fixed length control field: 170428|| aca||aabn | a|a d
040 ## - CATALOGING SOURCE
- Original cataloging agency: OSt
- Transcribing agency: OSt
150 ## - HEADING--TOPICAL TERM
- Topical term or geographic name entry element: Riots
- Geographic subdivision: Malaysia
- Chronological subdivision: 1969
670 ## - SOURCE DATA FOUND
- Source citation: Work cat.: (OSt)0: Tunku Abdul Rahman Putra, al-Haj, 1903-1990 569, 13 Mei sebelum dan selepas /, 2007

PORTAL AKMAL
E-MEL JKDM
AKMAL2U
G-BAM
u-PUSTAKA